Sustainability accounting and management (Record no. 1308539)

MARC details
000 -LEADER
fixed length control field 01218nam a22002177a 4500
005 - DATE AND TIME OF LATEST TRANSACTION
control field 20250408150857.0
008 - FIXED-LENGTH DATA ELEMENTS--GENERAL INFORMATION
fixed length control field 250408b |||||||| |||| 00| 0 eng d
020 ## - INTERNATIONAL STANDARD BOOK NUMBER
International Standard Book Number 9781682857748
037 ## - SOURCE OF ACQUISITION
Terms of availability Textual
040 ## - CATALOGING SOURCE
Original cataloging agency RTL
Transcribing agency RTL
084 ## - COLON CLASSIFICATION NUMBER
Classification number X:31-8F R0
Assigning agency RTL
100 ## - MAIN ENTRY--PERSONAL NAME
Personal name Taylor, Julia
9 (RLIN) 751940
245 ## - TITLE STATEMENT
Title Sustainability accounting and management
260 ## - PUBLICATION, DISTRIBUTION, ETC.
Place of publication, distribution, etc. New York
Name of publisher, distributor, etc. Willford Press
Date of publication, distribution, etc. 2020
300 ## - PHYSICAL DESCRIPTION
Extent vi, 232p. ill
Other physical details Bibliography chapterwise, Index
520 ## - SUMMARY, ETC.
Summary, etc. The subcategory of financial accounting which focuses on the disclosure of non-financial information about a firm's performance is known as sustainability accounting. It generally reports to external stakeholders, such as capital holders, creditors and other authorities. The activities which have a direct impact on society, environment and economic performance of an organization are represented by sustainability accounting. Corporate sustainability reporting and triple bottom line accounting are the two most widely used measurements in this discipline.
650 ## - SUBJECT ADDED ENTRY--TOPICAL TERM
Topical term or geographic name entry element Social Accounting
9 (RLIN) 751941
650 ## - SUBJECT ADDED ENTRY--TOPICAL TERM
Topical term or geographic name entry element Sustainable development reporting
9 (RLIN) 751942
650 ## - SUBJECT ADDED ENTRY--TOPICAL TERM
Topical term or geographic name entry element Industrial management
942 ## - ADDED ENTRY ELEMENTS (KOHA)
Source of classification or shelving scheme Colon Classification (CC)
Koha item type Textbook
Classification part X:31-8F R0
Suppress in OPAC No

No items available.

Copyright @ Delhi University Library System